अक्षय ऊर्जा प्रौद्योगिकीः (Record no. 29771)

MARC details
000 -LEADER
fixed length control field 01405nam a22002897a 4500
005 - DATE AND TIME OF LATEST TRANSACTION
control field 20090829105527.0
008 - FIXED-LENGTH DATA ELEMENTS--GENERAL INFORMATION
fixed length control field 090829t xxu||||| |||| 00| 0 hin d
010 ## - LCCN (DPL NO)
LC control number HIN-87891
020 ## - INTERNATIONAL STANDARD BOOK NUMBER
Terms of availability 150.00
International Standard Book Number 9788120338081
035 ## - SYSTEM CONTROL NUMBER
System control number HN-60237
037 ## - SOURCE OF ACQUISITION
Source of stock number/acquisition DBAD / PUB
040 ## - CATALOGING SOURCE
Original cataloging agency dpl
Language of cataloging hn
082 ## - DEWEY DECIMAL CLASSIFICATION NUMBER
Classification number 333.794
100 ## - MAIN ENTRY--PERSONAL NAME
Personal name सोलंकी, चेतन सिंह
245 ## - TITLE STATEMENT
Title अक्षय ऊर्जा प्रौद्योगिकीः
Statement of responsibility, etc चेतन सिंह सोलंकी
Remainder of title एक व्यावहारिक ज्ञान /
246 ## - VARYING FORM OF TITLE
Title proper/short title Akshay urjaa prodhyogikii : eka vyavhaarika gyaana
Remainder of title by Chetan Singh Solanki
260 ## - PUBLICATION, DISTRIBUTION, ETC. (IMPRINT)
Place of publication, distribution, etc नई दिल्ली
Name of publisher, distributor, etc पी एच आई लर्निंग
Date of publication, distribution, etc 2009
270 ## - ADDRESS
Address एम-97, कनाट प्लेस,
City नई दिल्ली
Postal code 110001
300 ## - PHYSICAL DESCRIPTION
Extent xiv,159पृ.
Dimensions 22सेमी (अजिल्द)
650 ## - SUBJECT ADDED ENTRY--TOPICAL TERM
Topical term or geographic name as entry element अक्षय ऊर्जा स्रोत
650 ## - SUBJECT ADDED ENTRY--TOPICAL TERM
Topical term or geographic name as entry element Renewable energy sources
650 ## - SUBJECT ADDED ENTRY--TOPICAL TERM
Topical term or geographic name as entry element ऊर्जा संसाधन
650 ## - SUBJECT ADDED ENTRY--TOPICAL TERM
Topical term or geographic name as entry element Power resources
700 ## - ADDED ENTRY--PERSONAL NAME
Personal name दीपिका
942 ## - ADDED ENTRY ELEMENTS (KOHA)
Source of classification or shelving scheme Dewey Decimal Classification
Item type Hindi Books
Call number suffix सोलंकी
Classification part 333.794
Holdings
Withdrawn status Lost status Source of classification or shelving scheme Damaged status Not for loan Home library Current library Date acquired Source of acquisition Cost, normal purchase price Total Checkouts Full call number Barcode Date last seen Copy number Cost, replacement price Koha item type
    Dewey Decimal Classification   Not For Loan D.B.Act.Division D.B.Act.Division 29/08/2009 DBAD / PUB 150.00   333.794 सोलंकी HN-60237 29/08/2009 1 150.00 Hindi Books

© Delhi Public Library
Hit Counter
free hit counter